000 00521nam a2200157Ia 4500
008 210716s2016 xx 000 0 und d
020 _a9788126550890
041 _aeng
082 _a658.4038011 BAEB
100 _aBaesens, Bart.
245 _aAnalytics in a big data world: the essential guide to data science and its applications.
_bEssential guide to data science and its applications.
250 _a1
260 _aNew Delhi
_bWiley India Pvt Ltd
_c2016
300 _axv, 232
650 _aDecision making(658.403)
999 _c209917
_d209917